नेपाल जनस्ंख्या प्रतिवेदन २०६९
Guardat en:
| Autor corporatiu: | |
|---|---|
| Format: | Llibre |
| Idioma: | English |
| Publicat: |
काठमाडौं
स्वास्थया तथा जनस्ंख्या मन्त्रालय
२०६९
|
| Col·lecció: | नेपाल जनस्ंख्या प्रतिवेदन २०६९
|
| Matèries: | |
| Accés en línia: | Visit NHRC Library |
| Etiquetes: |
Afegir etiqueta
Sense etiquetes, Sigues el primer a etiquetar aquest registre!
|
| LEADER | 01103nam a22001937a 4500 | ||
|---|---|---|---|
| 003 | 1626 | ||
| 005 | 20220906184635.0 | ||
| 008 | 140515b xxu||||| |||| 00| 0 eng d | ||
| 082 | |2 304.6 | ||
| 110 | |a स्वास्थया तथा जनस्ंख्या मन्त्रालय |9 2241 | ||
| 245 | |a नेपाल जनस्ंख्या प्रतिवेदन २०६९ | ||
| 260 | |a काठमाडौं |b स्वास्थया तथा जनस्ंख्या मन्त्रालय |c २०६९ | ||
| 300 | |a 140p. | ||
| 440 | |a नेपाल जनस्ंख्या प्रतिवेदन २०६९ |9 2242 | ||
| 650 | |a Situation of population |a Demographic situation |a Mortality |a Migration |a Urbanization |a Population and poverty |a Women empowerment |a Poverty in Nepal |a Millennium development goals |9 2243 | ||
| 856 | |u http://nhrc.org.np/contact |y Visit NHRC Library | ||
| 942 | |2 ddc |c REP | ||
| 952 | |0 0 |1 0 |2 NLM |4 0 |6 304_600000000000000_MOH_2069 |7 0 |9 1950 |a NHRC |b NHRC |d 2014-05-15 |l 0 |o 304.6/MOH/2069 |p 001626 |r 2014-05-15 |w 2014-05-15 |y REP | ||
| 999 | |c 1901 |d 1901 | ||